Việt Nam những sự kiện lịch sử (1858 - 1918) /

Αποθηκεύτηκε σε:
Λεπτομέρειες βιβλιογραφικής εγγραφής
Κύριος συγγραφέας: Dương Kinh Quốc
Μορφή: Sách giấy
Γλώσσα:Vietnamese
Έκδοση: Hà Nội : Giáo dục , 1999
Θέματα:
Ετικέτες: Προσθήκη ετικέτας
Δεν υπάρχουν, Καταχωρήστε ετικέτα πρώτοι!
Thư viện lưu trữ: Thư viện Trường Đại học Đà Lạt
LEADER 00664nam a2200253 4500
001 DLU020017674
005 ##4/20/2001
020 # # |a 978- 
041 # # |a vie 
082 # # |a 959.703  |b DU-Q 
100 # # |a Dương Kinh Quốc 
245 # # |a Việt Nam những sự kiện lịch sử (1858 - 1918) /  |c Dương Kinh Quốc 
260 # # |a Hà Nội :  |b Giáo dục ,  |c 1999 
300 # # |a 480 tr.;   |c 24 cm. 
651 # # |a Việt Nam  |x Lịch sử  |y 1858-1918  |v Biên niên sự kiện. 
992 # # |a 32200 
994 # # |a DLU 
900 # # |a False 
911 # # |a Administrator 
925 # # |a G 
926 # # |a A 
927 # # |a SH 
980 # # |a Thư viện Trường Đại học Đà Lạt